01358nam a2200337 a 4500001001200000003000800012006001900020007001500039008004100054020001800095020002700113040002100140035002100161043001200182050003000194082001700224100002300241245010300264260004500367300001500412490005400427504005100481533015200532630003300684650005400717650002400771655002900795710001700824830005300841856012600894ebr10695817CaPaEBRm u cr cn|||||||||130513s2013 enk sb 001 0 eng d z9781848850293 z9780857721761 (e-book) aCaPaEBRcCaPaEBR a(OCoLC)846979902 an-us---14aPN1992.77.W35bC46 2013eb04a791.45722231 aChopra-Gant, Mike.14aThe Waltonsh[electronic resource] :bnostalgia and myth in seventies America /cMike Chopra-Gant. aLondon ;aNew York :bI.B.Tauris,c2013. avi, 213 p.1 aInternational library of the moving picture ;v10 aIncludes bibliographical references and index. aElectronic reproduction.bPalo Alto, Calif. :cebrary,d2013.nAvailable via World Wide Web.nAccess may be limited to ebrary affiliated libraries.00aWaltons (Television program) 0aTelevision programszUnited Statesy20th century. 0aNineteen seventies. 7aElectronic books.2local2 aebrary, Inc. 0aInternational library of the moving image ;v10.40uhttp://site.ebrary.com/lib/rucke/Doc?id=10695817zAn electronic book accessible through the World Wide Web; click to view